000 00288nam a22001337a 4500
008 170728b xxu||||| |||| 00| 0 eng d
020 _a3896089277
041 _ager
080 _a004
100 _a32
101 _aSHK
245 _aREIHE SOFTWARETECHNIK 7
_cVERLAG,T
942 _2udc
_cBK
999 _c22131
_d22131